000 00752nam a2200181Ia 4500
008 090124s9999 xx 000 0 und d
082 _b20613
100 _aदेशपांडे अ. ना.
245 _a आधुनिक मराठी वाड्.मयाचा इतिहास भाग पहिला
250 _a1
260 _c1974
300 _a528
600 _aदेशपांडे अ. ना.
630 _a आधुनिक मराठी वाड्.मयाचा इतिहास भाग पहिला
700 _aदेशपांडे अ. ना.
730 _a आधुनिक मराठी वाड्.मयाचा इतिहास भाग पहिला
942 _cBOOK
999 _c134417
_d134417